000
00393nam a2200157Ia 4500
008
100122s9999 xx 000 0 und d
082
_b
76895
_a
BM821
100
_a
नाटेकर सुनिल
245
_a
स्वरभाषा
250
_a
1
260
_c
2008
300
_a
127
630
_a
स्वरभाषा
730
_a
स्वरभाषा
942
_c
BOOK
999
_c
393779
_d
393776